Most Streamed Nicki Minaj songs(Spotify) - Statistics

General Stats
  • This quiz has been taken 18 times
  • The average score is 14 of 21
Answer Stats
Streams Track Year Collab % Correct
1,717,590,148 Side To Side 2016 Ariana Grande
94%
555,259,379 Anaconda 2014 -
88%
1,598,268,146 Bang Bang 2014 Jessie J
88%
1,076,518,387 Super Bass 2010 -
88%
1,330,654,779 Beauty And A Beat 2012 Justin Bieber
82%
1,458,115,344 Starships 2012 -
82%
436,421,267 Monster 2010 Kanye West
76%
630,404,289 MotorSport 2017 Migos
76%
1,228,130,001 Swalla 2017 Jason Derulo
76%
557,855,466 Barbie World 2023 ft.Ice Spice
71%
835,202,590 FEFE 2018 Tekashi 69
71%
962,679,356 Hey Mama 2015 David Guetta
71%
1,660,335,179 Tusa 2019 Karol G
71%
444,201,082 Swish Swish 2017 Katy Perry
65%
438,810,170 Feeling Myself 2014 ft.Beyonce
59%
645,847,031 Super Freaky Girl 2022 -
53%
619,624,134 Only 2014 ft.Drake
47%
444,691,106 The Night Is Still Young 2014 -
41%
796,665,808 Where Them Girls At 2011 David Guetta
41%
546,405,583 Woman Like Me 2018 Little Mix
41%
450,202,438 Ball For Me 2018 Post Malone
35%
No matching quizzes found
Score Distribution
Percent of People with Each Score
Percentile by Number Answered
Your Score History
You have not taken this quiz